Регионална библиотека "Любен Каравелов" - Русе

Мениджмънт в туризма (Запис номер 83174)

MARC детайли
000 -Лидер
Контролно поле с фиксирана дължина 01818nam a2200397 c 4500
003 - Код на организацията, давaща контролен номер
Контролно поле BLK
005 - Дата и час на последна редакция
Контролно поле 20210920145655.0
008 - Елементи от данни с фиксирана дължина
fixed length control field 180408b bul|||||r ||||||| ||bul||
010 ## - Наследен системен номер
LC control number KNG00087718000
020 ## - Международен стандартен номер на книга ISBN
Международен стандартен номер на книга ISBN 978-954-8496-79-7
-- издат.: ДИОНИС
040 ## - Източник на каталожния запис
Идентификатор на билиотеката - собственик на записа BLK
041 ## - Код за език
Код за езика на текст/звукозапис или на отделно заглавие Български
Код за езика КДБФ Български
072 #7 - Код за тематичната категория
Код организация bullib
Код за тематична категория Н33
Текст Икономика Н
080 ## - УДК
Текстов определител УДК Туризмът от стопанско гледище. Политика по отношение на туризма. Икономика и организация на туризма. Вътрешен и международен туризъм. Вж и 379.8
УДК код - определител по УДК 338.48
УДК определител (075)
УДК - код + определител 338.48(075)
100 1# - Редна дума - Автор
Автор Плачкова, Мария
Авторска отговорност първи автор
R(LIN) 300852
139 ## - Редно поле
Редна дума Плачкова, Мария и др.
Авторски знак Плат - П 58
245 10 - Сведения за заглавието
Заглавие Мениджмънт в туризма
Редно поле (дума) Мария Плачкова; съавт. Пенка Пенева; съавт. Радослав Райчев.
257 ## - Страна на издаване
Страна на създаване/издаване България
260 ## - Област на издателските данни
-- София
Име на издателя, разпространителя и проч. ДИОНИС
Година на издаване 2008
Печатница Благоевград : ИНФОдизайн
300 ## - Физическа характеристика
Страници 142 с.
Илюстрации и др. с ил., табл.
Размери/Мащаб 28 см
380 ## - Жанр
Жанр Техника
500 ## - Общи забележки
Забележка Офс. изд. - Библиогр. с. 141.
650 #4 - Допълнително описание по предмет – тема
Основно описание – тема или топоним Туризъм - управление и организация
9 (RLIN) 270469
650 #4 - Допълнително описание по предмет – тема
Основно описание – тема или топоним Туризъм, международен - икономика и организация
9 (RLIN) 248420
653 ## - Ключова дума – ненормативна
Ключова дума туризъм
653 ## - Ключова дума – ненормативна
Ключова дума мениджмънт
653 ## - Ключова дума – ненормативна
Ключова дума учебници
659 ## - Тематичен бюлетин
Тематичен бюлетин Н
700 1# - Други автори (авторска отговорност)
Лично име Пенева, Пенка
Автороска отговорност (Описва отношението между автора и произведението) съавт.
9 (RLIN) 298659
700 1# - Други автори (авторска отговорност)
Лично име Райчев, Радослав
Автороска отговорност (Описва отношението между автора и произведението) съавт.
9 (RLIN) 296383
852 ## - Местоположение
Форматна сигнатура Цб ІІ 15518
856 4# - Електронен адрес и достъп
Електронен формат pdf - файл
Път до файла /url/
856 4# - Електронен адрес и достъп
Електронен формат pdf - файл
Път до файла /url/
942 ## - АРТИКУЛИ
Вид на библиотечния материал Книги
Скрит в OPAC Не
Koha issues (borrowed), all copies 5
944 ## - СЪЗДАВАНЕ И РЕДАКЦИЯ на ЗАПИСА
Създаване/Редакция Създаване
Дата на регистрацията/редакция 10.02.2009
Статус, дата на статуса ф /
Служител, извършил регистрацията/редакцията Милена_Ачева
944 ## - СЪЗДАВАНЕ И РЕДАКЦИЯ на ЗАПИСА
Създаване/Редакция Редакция
Дата на регистрацията/редакция 06.01.2015
Статус, дата на статуса ф /
Служител, извършил регистрацията/редакцията Людмила_Стоянова
999 ## - СИСТЕМНИ КОНТРОЛНИ НОМЕРА
Koha biblionumber 83174
Koha biblioitemnumber 83174
Наличности
Код за отписване Код за изгубен артикул Източник на класификационната схема Код за повреда Коз за рестрикции Код за отдаване Артикулен № Име на библиотеката - собственик Име на библиотеката, в която се намира в момента Статус (Текущо местоположение) Дата на вписване в системата Местоположение - отдел Цена в лева Инвентарен номер Систематично азбучна сигнатура Баркод Номер на екземпляра Цена в евро Служебна бележка Служебен тип на артикула
  Не е изгубен Universal Decimal Classification Не е повреден без рестрикции заемане за дома 135248 Регионална библиотека "Любен Каравелов" Русе Регионална библиотека "Любен Каравелов" Русе Заемна - подръчен фонд 2009-02-10 Заемна - подръчен фонд 18.90 120000733435 П 338.4/П 58 120000733435 1 9.66 Дост: Pk Вид: Ф N: 14313 Дата: 04.02.2009 Дата инв: 05.02.2018 Бележки инв: П2018 Книги
  Не е изгубен   Не е повреден без рестрикции ползва се в читалня 135249 Регионална библиотека "Любен Каравелов" Русе Регионална библиотека "Любен Каравелов" Русе Хранилище 2012-03-07 Хранилище 18.90 120000756431 Цб ІІ 15518 120000756431 2 9.66 Дост: Dp Вид: Д N: 17 Дата: 26.04.2011 Книги
  Не е изгубен   Не е повреден без рестрикции заемане за дома 135250 Регионална библиотека "Любен Каравелов" Русе Регионална библиотека "Любен Каравелов" Русе Заемна - подръчен фонд 2014-11-30 Заемна - подръчен фонд 18.90 120000783326 П 338.4/П 58 120000783326 3 9.66 Дост: Pk Вид: Ф N: 419 Дата: 22.11.2014 Дата инв: 05.02.2018 Бележки инв: П2018 Книги
Vip Innovations Ltd, Rousse, Bulgaria 2025